[Event "GER-chT U14"]
[Site "Duesseldorf"]
[Date "2016.12.29"]
[Round "6.1"]
[White "Righi, Sofian"]
[Black "Staufenberger, Philipp"]
[Result "0-1"]
[WhiteElo "1795"]
[BlackElo "1829"]
[PlyCount "102"]
[EventDate "2016.12.27"]
[EventType "team-swiss"]
[EventRounds "7"]
[EventCountry "GER"]
[SourceTitle "EXT 2018"]
[Source "ChessBase"]
[SourceDate "2017.10.13"]
[SourceVersion "1"]
[SourceVersionDate "2017.10.13"]
[SourceQuality "1"]
[WhiteTeam "Duesseldorf SK U14"]
[BlackTeam "Hohentuebingen U14"]
[WhiteTeamCountry "GER"]
[BlackTeamCountry "GER"]

1. d4 e6 2. c4 b6 3. Nc3 Bb7 4. Bf4 f5 5. e3 Nf6 6. f3 Bb4 7. Bd3 Bxc3+ 8. bxc3 0-0 9. Ne2 Nc6 10. 0-0 Na5 11. Ng3 Rc8 12. Qe2 c5 13. Bd6 Rf7 14. e4 Ne8 15. Bf4 g5 16. Bd2 f4 17. Nh1 e5 18. dxe5 Qe7 19. Nf2 h5 20. Bc2 Qxe5 21. Rfd1 Nd6 22. Bb3 Rcf8 23. h3 Rg7 24. Be1 Qe6 25. Qd3 Ndxc4 26. e5 Nxb3 27. axb3 Nb2 28. Qd6 Nxd1 29. Qxd1 a6 30. Qd3 Qxe5 31. Rd1 d5 32. Bd2 Qf5 33. Qe2 Qf6 34. Re1 Kh8 35. c4 d4 36. b4 g4 37. hxg4 hxg4 38. Nxg4 Rxg4 39. fxg4 f3 40. gxf3 Bxf3 41. Qh2+ Kg8 42. Re5 Be4 43. Rg5+ Bg6 44. Qg2 cxb4 45. Rd5 b3 46. Bc1 Qe7 47. Qd2 Qc7 48. Rg5 Qg3+ 49. Qg2 Qe1+ 50. Kh2 Kg7 51. Bb2 Qh4+ 0-1

[Event "GER-chT U14"]
[Site "Duesseldorf"]
[Date "2016.12.27"]
[Round "2.1"]
[White "Righi, Sofian"]
[Black "Pfreundt, Mathis"]
[Result "1/2-1/2"]
[WhiteElo "1795"]
[BlackElo "1920"]
[PlyCount "74"]
[EventDate "2016.12.27"]
[EventType "team-swiss"]
[EventRounds "7"]
[EventCountry "GER"]
[SourceTitle "EXT 2018"]
[Source "ChessBase"]
[SourceDate "2017.10.13"]
[SourceVersion "1"]
[SourceVersionDate "2017.10.13"]
[SourceQuality "1"]
[WhiteTeam "Duesseldorf SK U14"]
[BlackTeam "Hamburg Koenigsspringer U14"]
[WhiteTeamCountry "GER"]
[BlackTeamCountry "GER"]

1. d4 Nf6 2. c4 e6 3. Nc3 d5 4. Bg5 Be7 5. e3 h6 6. Bf4 0-0 7. Nf3 b6 8. cxd5 exd5 9. Bd3 Bb7 10. 0-0 Nbd7 11. Qe2 Ne4 12. Nd2 Nxc3 13. bxc3 Nf6 14. f3 Nh5 15. Bg3 Nxg3 16. hxg3 Bd6 17. f4 Re8 18. Rfe1 c5 19. Qf2 Rc8 20. Rac1 Qf6 21. e4 dxe4 22. Bxe4 Ba6 23. d5 c4 24. Kf1 Bb5 25. Nf3 Ba4 26. Qb2 Re7 27. Bc2 Bd7 28. Rxe7 Qxe7 29. Re1 Qf6 30. Ne5 Re8 31. Nxd7 Rxe1+ 32. Kxe1 Qe7+ 33. Ne5 f6 34. Qc1 fxe5 35. Qe3 Qf6 36. f5 Bc5 37. Qe4 b5 1/2-1/2

[Event "GER-chT U14"]
[Site "Verden"]
[Date "2015.12.27"]
[Round "2.3"]
[White "Righi, Sofian"]
[Black "Koll, Lukas"]
[Result "1/2-1/2"]
[WhiteElo "1673"]
[BlackElo "1698"]
[PlyCount "120"]
[EventDate "2015.12.27"]
[EventType "team-swiss"]
[EventRounds "7"]
[EventCountry "GER"]
[SourceTitle "EXT 2017"]
[Source "ChessBase"]
[SourceDate "2016.10.25"]
[SourceVersion "1"]
[SourceVersionDate "2016.10.25"]
[SourceQuality "1"]
[WhiteTeam "Duesseldorf"]
[BlackTeam "Karlsruhe"]
[WhiteTeamCountry "GER"]
[BlackTeamCountry "GER"]

1. d4 d6 2. c4 e5 3. e3 Bf5 4. Nc3 Nf6 5. Bd3 Bg6 6. Nge2 Be7 7. 0-0 0-0 8. Ng3 exd4 9. exd4 Nc6 10. Bxg6 hxg6 11. Re1 Qd7 12. b3 d5 13. Be3 Bb4 14. Qd3 Rad8 15. Nge2 Bxc3 16. Qxc3 Rfe8 17. Rad1 Ne4 18. Qc1 Ne7 19. f3 Nf6 20. Ng3 c6 21. Re2 Nf5 22. Nxf5 Qxf5 23. Rde1 Re6 24. Bf2 Rde8 25. Rxe6 Rxe6 26. Rxe6 Qxe6 27. Qe3 Qf5 28. Qc1 Qd3 29. h3 Qe2 30. a3 Qa2 31. cxd5 Nxd5 32. b4 Qb3 33. Bg3 Qe3+ 34. Qxe3 Nxe3 35. Bb8 a6 36. Kf2 Nc2 37. Ba7 Nxa3 38. Ke2 Kf8 39. Bc5+ Ke8 40. Kd3 Kd7 41. Bf8 Ke6 42. Bxg7 f6 43. Bf8 b6 44. h4 Nb5 45. Bh6 Nd6 46. g4 Kd5 47. h5 gxh5 48. gxh5 Nf7 49. Bg7 Ke6 50. f4 Kf5 51. Ke3 a5 52. bxa5 bxa5 53. h6 Kg6 54. f5+ Kh7 55. Bxf6 Nxh6 56. Ke4 Nf7 57. Be7 Kg7 58. d5 cxd5+ 59. Kxd5 Nh6 60. Ke6 Nxf5 1/2-1/2

[Event "GER-chT U14"]
[Site "Verden"]
[Date "2015.12.27"]
[Round "1.3"]
[White "Von Koslowski, Wilhelm"]
[Black "Righi, Sofian"]
[Result "0-1"]
[WhiteElo "1526"]
[BlackElo "1673"]
[PlyCount "132"]
[EventDate "2015.12.27"]
[EventType "team-swiss"]
[EventRounds "7"]
[EventCountry "GER"]
[SourceTitle "EXT 2017"]
[Source "ChessBase"]
[SourceDate "2016.10.25"]
[SourceVersion "1"]
[SourceVersionDate "2016.10.25"]
[SourceQuality "1"]
[WhiteTeam "Coswig"]
[BlackTeam "Duesseldorf"]
[WhiteTeamCountry "GER"]
[BlackTeamCountry "GER"]

1. e4 c5 2. Nf3 d6 3. d4 cxd4 4. Nxd4 Nf6 5. Nc3 g6 6. Be3 Bg7 7. Bc4 0-0 8. 0-0 Nc6 9. f3 Bd7 10. Qd2 Rc8 11. Nxc6 Bxc6 12. Bxa7 b6 13. Bb5 Qd7 14. Bxc6 Qxc6 15. Qe3 Qc5 16. Bxb6 Qb4 17. Rab1 Ng4 18. Bc5 Rxc5 19. Qe2 Bd4+ 20. Kh1 Nf6 21. Nd5 Nxd5 22. exd5 Bf6 23. c3 Qc4 24. Qxc4 Rxc4 25. Rbd1 Ra8 26. a3 Rb8 27. Rf2 Rc7 28. g3 Rcb7 29. Rdd2 Bg7 30. Rfe2 Bf6 31. Rc2 Rb5 32. Rcd2 Rc5 33. Rd1 Rb3 34. Kg2 Kf8 35. Kf1 h5 36. h4 Rbb5 37. Red2 Ke8 38. Ke2 Kd7 39. f4 Rc7 40. Rc2 e6 41. dxe6+ fxe6 42. Rd3 Rbc5 43. Ke3 e5 44. fxe5 Rxe5+ 45. Kf2 g5 46. Rf3 Ke6 47. hxg5 Rxg5 48. b4 Rcg7 49. Re2+ Be5 50. Ree3 Kd5 51. a4 Rg4 52. a5 h4 53. Rd3+ Kc6 54. gxh4 Rxh4 55. Ke2 Re7 56. Rde3 Rg7 57. Kd3 Kd5 58. Rf8 Rc7 59. Kc2 Rxb4 60. Rd3+ Ke6 61. Ra8 Rbc4 62. a6 Rxc3+ 63. Rxc3 Rxc3+ 64. Kb1 Ra3 65. a7 Kd5 66. Kc2 Kd4 0-1

[Event "Dortmund Sparkassen op-B"]
[Site "Dortmund"]
[Date "2015.06.30"]
[Round "4"]
[White "Righi, Sofian"]
[Black "Koellner, Ruben Gideon"]
[Result "1/2-1/2"]
[WhiteElo "1585"]
[BlackElo "1753"]
[PlyCount "158"]
[EventDate "2015.06.27"]
[EventType "swiss"]
[EventRounds "9"]
[EventCountry "GER"]
[SourceTitle "CBM 167 Extra"]
[Source "ChessBase"]
[SourceDate "2015.09.14"]
[SourceVersion "1"]
[SourceVersionDate "2015.09.14"]
[SourceQuality "1"]

1. d4 d5 2. c4 c6 3. cxd5 cxd5 4. Nc3 Nf6 5. Nf3 Nc6 6. Bf4 g6 7. e3 a6 8. Bd3 Bg7 9. h3 0-0 10. Rc1 Qb6 11. Qe2 Be6 12. a3 Rac8 13. 0-0 Bf5 14. b4 Ne4 15. Na4 Qd8 16. Nc5 Nxc5 17. Rxc5 b6 18. Rc2 Bxd3 19. Qxd3 Qd7 20. Rfc1 b5 21. Nd2 f6 22. Nb3 e5 23. Bh2 exd4 24. Nxd4 Nxd4 25. Qxd4 Rxc2 26. Rxc2 Qf5 27. Qd1 Qe4 28. Rd2 Rd8 29. Rd4 Qe6 30. e4 Re8 31. Rxd5 Qxe4 32. Rd8 Kf7 33. Rd7+ Re7 34. Rxe7+ Qxe7 35. Qd5+ Qe6 36. Qb7+ Kg8 37. Bg3 h6 38. Kh2 Kh7 39. Bc7 Qd7 40. Qb6 Qc8 41. Bf4 f5 42. Qa7 Kh8 43. Qe3 Kh7 44. Qa7 Qe6 45. Be3 Kh8 46. Qa8+ Kh7 47. Qa7 Qc6 48. Bc5 Kg8 49. Qb8+ Kh7 50. Qa7 Qf6 51. Bb6 Qe6 52. Qxa6 Be5+ 53. Kg1 Bc7 54. Qxb5 Qe1+ 55. Qf1 Qxf1+ 56. Kxf1 Bxb6 57. a4 Kg7 58. a5 Bc7 59. Ke2 Kf6 60. Kd3 Ke7 61. Kc4 Kd8 62. Kb5 Kc8 63. Ka6 Kb8 64. b5 Be5 65. f3 Bd4 66. g4 fxg4 67. fxg4 g5 68. b6 Be3 69. Kb5 Bf2 70. Ka6 Be1 71. Kb5 Kb7 72. a6+ Kb8 73. Kc6 Bf2 74. Kb5 Be3 75. Kc6 Bf2 76. Kb5 Bg1 77. Kc6 Be3 78. Kb5 Kc8 79. Kc6 Kb8 1/2-1/2

[Event "Dortmund Sparkassen op-B"]
[Site "Dortmund"]
[Date "2015.06.29"]
[Round "3"]
[White "Kruse, Janik"]
[Black "Righi, Sofian"]
[Result "1/2-1/2"]
[WhiteElo "1899"]
[BlackElo "1585"]
[PlyCount "62"]
[EventDate "2015.06.27"]
[EventType "swiss"]
[EventRounds "9"]
[EventCountry "GER"]
[SourceTitle "CBM 167 Extra"]
[Source "ChessBase"]
[SourceDate "2015.09.14"]
[SourceVersion "1"]
[SourceVersionDate "2015.09.14"]
[SourceQuality "1"]

1. d4 d5 2. c4 e6 3. Nc3 Nf6 4. cxd5 exd5 5. Bg5 Be7 6. e3 Nbd7 7. Bd3 0-0 8. Nge2 b6 9. 0-0 Bb7 10. Rc1 Rc8 11. Nb5 c5 12. Bf4 Re8 13. Bf5 a6 14. Nd6 Bxd6 15. Bxd6 Rc6 16. dxc5 bxc5 17. Bg3 Nf8 18. Qb3 Rb6 19. Qa3 Ne6 20. Bxe6 fxe6 21. Rxc5 e5 22. Rd1 Ne4 23. Rcc1 Qf6 24. b3 Rf8 25. f3 Nxg3 26. Nxg3 Qg5 27. b4 h5 28. Rf1 Rbf6 29. Rc7 Ba8 30. Kh1 h4 31. Ne2 h3 1/2-1/2

[Event "Gelsenkirchen Silvester op 2nd"]
[Site "Gelsenkirchen"]
[Date "2014.12.28"]
[Round "3"]
[White "Boschek, Hans Joachim"]
[Black "Righi, Sofian"]
[Result "1/2-1/2"]
[WhiteElo "1901"]
[BlackElo "1402"]
[PlyCount "51"]
[EventDate "2014.12.27"]
[EventType "swiss"]
[EventRounds "5"]
[EventCountry "GER"]
[SourceTitle "EXT 2019"]
[Source "ChessBase"]
[SourceDate "2018.10.10"]
[SourceVersion "1"]
[SourceVersionDate "2018.10.10"]
[SourceQuality "1"]

1. c4 e5 2. g3 Nc6 3. Bg2 g6 4. Nc3 Bg7 5. d3 d6 6. Nd5 f5 7. e3 Nce7 8. Ne2 c6 9. Ndc3 Nf6 10. b4 d5 11. Bb2 0-0 12. 0-0 Be6 13. cxd5 Nfxd5 14. a3 Nxc3 15. Nxc3 Nd5 16. Na4 b6 17. Rc1 Qd7 18. Nc3 Rac8 19. Ne2 Rfd8 20. Qd2 Ne7 21. Rc3 e4 22. d4 Nd5 23. Rc2 Rc7 24. Rfc1 Rdc8 25. Kh1 Bh6 26. h4 1/2-1/2